000 00410nam a2200181Ia 4500
001 10706
005 20260306161852.0
008 260306t1974||||xx |||||||||||||| ||spa||
041 _aESP
082 _a946.082
_bH42
100 _aHermet, Guy
_eAUT
245 0 _aL espagne de Franco
260 _c1974
300 _a301 páginas :
_c15 cm.
650 _aGEN
654 _aCHU
942 _cLIB
_dJUS
_fJUS
_2ddc
_n
999 _c10706
_d10706